Loading...
| Literature - European | 0 | 4 | 0 | 2 | 40 | 68 | 103.50 | 0 | 2 | 4.50 | 20.00 |
| History - Other | 0 | 4 | 1 | 1 | 35 | 66 | 90.50 | 0 | 0 | 6.31 | 18.89 |
| Science - Physics | 0 | 3 | 1 | 1 | 25 | 47 | 84.00 | 0 | 1 | 6.88 | 15.56 |
| Literature - World | 0 | 2 | 0 | 0 | 20 | 78 | 84.00 | 0 | 2 | 5.02 | 14.44 |
| Philosophy | 0 | 2 | 0 | 1 | 20 | 62 | 84.00 | 0 | 0 | 4.83 | 2.78 |
| Science - Other | 0 | 2 | 1 | 0 | 15 | 82 | 88.50 | 0 | 0 | 4.56 | 4.44 |
| Fine Arts - Painting and Sculpture | 0 | 1 | 0 | 0 | 10 | 106 | 106.00 | 0 | 0 | 0.62 | 6.67 |
| Mythology | 0 | 2 | 2 | 0 | 10 | 57 | 85.00 | 0 | 0 | 4.77 | 7.78 |
| Fine Arts - Other | 0 | 1 | 0 | 1 | 10 | 97 | 97.00 | 0 | 1 | 1.49 | 6.67 |
| Literature - British | 0 | 1 | 0 | 0 | 10 | 108 | 108.00 | 0 | 0 | 0.53 | 2.22 |
| Science - Chemistry | 0 | 1 | 0 | 0 | 10 | 62 | 62.00 | 0 | 1 | 3.54 | 7.78 |
| History - American | 0 | 1 | 0 | 0 | 10 | 97 | 97.00 | 0 | 0 | 1.18 | 2.22 |
| Current Events | 0 | 0 | 0 | 0 | 0 | 0.00 | 0 | 0 | 0.00 | 0.00 | |
| Religion | 0 | 0 | 0 | 0 | 0 | 0.00 | 0 | 0 | 0.00 | 0.00 | |
| Science - Biology | 0 | 0 | 0 | 0 | 0 | 0.00 | 0 | 0 | 0.00 | 0.00 |